000 01418nam a22002297a 4500
008 110915s2008 ua||||| |||| 00| 0 ara d
020 _a9789774201884
082 _222
_a320
_bط ا ل
100 1 _922185
_aطاليس ، أرسطو
245 _aالسياسة /
_cأرسطو طاليس ؛ ترجمة من الإغريقية إلى الفرنسية وصدره بمقدمة فى علم السياسة ، وعلق على النص تعليقات متتابعة بارتلمى سانتهلير ؛ ونقله إلى العربية أحمد لطفى السيد
260 _aالقاهرة :
_bالهيئة المصرية العامة للكتاب ،
_c2008.
300 _a447 ص ؛
_c24 سم.
650 0 _917705
_aالعلوم السياسية
650 0 _915251
_aالسياسة الإجتماعية
650 0 _926649
_aالسياسة
_xنظريات
650 0 _98307
_aفلسفة أرسطو
653 _bGeneral
_cSeptember2011
700 1 _916092
_aسانتهلير ، بارتلمي
_eترجمة من الإغريقية إلى الفرنسية وصدره بمقدمة فى علم السياسة ، وعلق على النص تعليقات متتابعة
700 1 _914889
_aالسيد، أحمد لطفي
_eنقله إلى العربية
942 _2ddc
_cBB
999 _c16045
_d16045